| 000 | 00368nam a22001337a 4500 | ||
|---|---|---|---|
| 008 | 160613b xxu||||| |||| 00| 0 eng d | ||
| 020 | _a9781605477787 | ||
| 020 | _a9781605477787 | ||
| 020 | _a1605477788 | ||
| 041 | _aeng | ||
| 080 | _a618.2 | ||
| 245 |
_aEvidence based practice in nursing healthcare: _cBernadette Mazurek Melnyk; Fineout Overholt; |
||
| 942 |
_2udc _cBK |
||
| 999 |
_c2443 _d2443 |
||